00787nam a2200253 a 4500001001300000003000900013005001700022008004100039020002400080082001300104100002100117245007300138260003200211300000900243500003500252505002400287650002700311650002600338700002100364902000800385942000700393952011600400999001700516nice12345678IN_TiNIC20260116014833.0070416s2005 lona grp 000 0 eng  a1850437602 c100000a953bFAR aFaroqhi, Suraiya aSubjects of the SultanbCulture and Daily Life in the Ottoman Empire aLondon bTauris Pub. c2005 a358p aincludes index and biblioraphy2 aBibliography, Index aOttoman Empire-History aOttoman Empire-Turkey1 aFaroqhi, Suraiya bSRS cBK 001040708StackRoom-aHMIbHMId2007-04-16g1000.00l0o953 FARp021542r2007-04-16v1000.00w2007-04-16yBK c17212d17212